Gaming Quiz

Random Gaming Quiz

Starcraft 2 Unit Bonuses Quiz Stats

 Plays Quiz not verified by Sporcle

Challenge
Share
Tweet
Embed
Score 0/41 Timer 06:00
0 Plays Today
Unit Bonus % Correct
Hellbat???
80%
Immortal???
77.5%
Marauder???
75%
Hellion???
75%
Zergling???
75%
Queen???
72.5%
Infested Terran???
72.5%
Stalker???
70%
Carrier???
70%
Mothership Core???
70%
Baneling???
67.5%
Locust???
67.5%
Broodling???
67.5%
Zealot???
67.5%
Mothership???
67.5%
Marine???
65%
Siege Tank???
65%
Brood Lord???
65%
Void Ray???
65%
Mutalisk???
62.5%
Sentry???
62.5%
Unit Bonus % Correct
Dark Templar???
62.5%
Phoenix???
62.5%
Oracle???
62.5%
High Templar (Psi Storm)???
60%
Viking???
57.5%
Battlecruiser???
57.5%
Hydralisk???
57.5%
Ghost???
55%
Archon???
52.5%
Tempest???
50%
Roach???
45%
Banshee???
42.5%
Ultralisk???
42.5%
Infestor (Fungal)???
40%
Colossus???
40%
Reaper???
35%
Ghost (snipe)???
35%
Widow Mine???
32.5%
Corruptor???
27.5%
Thor???
25%

You're not logged in!

Compare scores with friends on all Sporcle quizzes.
Join for Free
OR
Log In

You Might Also Like...

Show Comments

Extras

Created May 21, 2013SourceReportNominate
Tags:bones, bonus, damage, starcraft, unit

Top Quizzes Today


Score Distribution

Your Account Isn't Verified!

In order to create a playlist on Sporcle, you need to verify the email address you used during registration. Go to your Sporcle Settings to finish the process.

Report this User

Report this user for behavior that violates our Community Guidelines.

Details: